00872nam a2200169 a 450000500170000000800410001702000180005805000240007610000180010024501030011826000360022130000100025752002850026765000090055299900190056195201220058020140412111222.0010402s19uu xx 00 eng d a0-07-006217-X aTR(GS 640bA22 1997 aAxelrod, Alan a201 ways to manage your time better :ba quick-trip survival guide /cAlan Axelrod and Jim Holtje. aNew York :bMcGraw-Hill,c1997. a150p. a201 ways to manage your time better is no weighty tome on efficiency theory, but a compact quick-read collection of practical tips and easy steps that will start saving you time today. Here are real world moves for people who need to make the very most out of every business day. aTime c101939d101939 001040aELbELcTRd2001-04-02eLib. Fundg605.75l0oTR(GS 640 A22 1997pE0128r2014-04-12 00:00:00w2014-04-12yBK